000 00529nam a2200169Ia 4500
008 090201s9999 xx 000 0 und d
010 _aKPL-20772
040 _bमराठी
041 _aमराठी
082 _a22073
_b20772
100 _aसी. पु. वालावलकर
245 _aहिरवी पाती
_cसी. पु. वालावलकर
260 _c2004
_bसुरस प्रकाशन
300 _a96
_bलहान
600 _aहिरवी पाती
942 _cBOOK
999 _c221645
_d221645